Logo BPK

Biblioteka

Politechniki Koszalińskiej

Something to Crow About : (Rekord nr 47453)

Szczegóły MARC
000 -ETYKIETA REKORDU
podpole kontrolne o stałej długości 00494nam a2200157 i 4500
001 - NUMER KONTROLNY REKORDU
pole kontrolne bgj
040 ## - ŹRÓDŁO KATALOGOWANIA
Instytucja, która utworzyła rekord BPK
041 ## - KOD JĘZYKA
Kod języka tekstu eng
008 - POLE O STAŁEJ DŁUGOŚCI - DANE KONTROLNE
podpole kontrolne o stałej długości s uk f |000 0 eng
100 1# - NAZWA OSOBOWA
Nazwa osobowa LAFLIN, Vance.
245 10 - TYTUŁ/ODPOWIEDZIALNOŚĆ
Tytuł Something to Crow About :
Ciąg dalszy tytułu a concise collection of American English idioms for everyday use /
Pozostałe elementy strefy tytułu i oznaczenia odpowiedzialności [Vance Laflin].
260 ## - STREFA ADRESU WYDAWNICZEGO
Miejsce wydania Washington, D.C. :
Nazwa wydawcy/dystrybutora United States Information Agency,
Data publikacji, dystrybucji/powstania dokumentu 1993.
300 ## - STREFA OPISU FIZYCZNEGO
Objętość V, 94 pp ;
Rozmiary 23 cm.
650 #9 - HASŁO PRZEDMIOTOWE W FORMIE NAZWY OGÓLNEJ LUB JEDNOSTKOWEJ
Nazwa ogólna lub geograficzna English language
Określnik ogólny Idioms
856 ## - LOKALIZACJA I DOSTĘP DO ELEKTRONICZNYCH DOKUMENTÓW ZDALNYCH
Link (URL) http://koha.tu.koszalin.pl/cgi-bin/koha/opac-detail.pl?biblionumber=47453
Tekst linku Katalog online BPK
942 ## - DODATKOWE ELEMENTY (KOHA)
Typ dokumentu Książka
Egzemplarze
Wycofany Status egzemplarza Uszkodzony Dostępność Lokalizacja stała Lokalizacja bieżąca Miejsce przechowywania Sygnatura Kod kreskowy Typ dokumentu Ostatnio wypożyczono
      Dostępny Biblioteka Politechniki Koszalińskiej Biblioteka Politechniki Koszalińskiej Wypożyczalnia Językowa KA 3781 09005105 Książka  
      Tylko na miejscu Biblioteka Politechniki Koszalińskiej Biblioteka Politechniki Koszalińskiej Czytelnia Wydziałowa ul. Kwiatkowskiego 6e KA 3782 09033016 Książka  
      Dostępny Biblioteka Politechniki Koszalińskiej Biblioteka Politechniki Koszalińskiej Wypożyczalnia Językowa KA 3783 09032385 Książka  
      Dostępny Biblioteka Politechniki Koszalińskiej Biblioteka Politechniki Koszalińskiej Wypożyczalnia Językowa KA 3784 09032217 Książka  
      Dostępny Biblioteka Politechniki Koszalińskiej Biblioteka Politechniki Koszalińskiej Wypożyczalnia Językowa KA 3785 09039964 Książka 24.09.2018
© 2023 Biblioteka Politechniki Koszalińskiej :: KOHA